000 00368nam a2200145Ia 4500
008 230312s9999||||xx |||||||||||||| ||und||
020 _a1-119-11994-4
082 _a657
_bWHI-C
100 _aTosh;Colin
245 0 _aModeling Perception with Artificial Neural Networks
260 _bWiley
_aUSA
_c2015
300 _a1225
650 _aComputer
_vComputer
942 _cBK
999 _c15255
_d15255